CZYNNOŚCI WYKONYWANE PODCZAS REMONTU - Statystyki

Ogólne statystyki
  • Ten quiz został rozwiązany 28 razy
  • Średni wynik to 3 z 6
Statystyki odpowiedzi
Odpowiedź % Poprawnych
MALOWANIE
100%
SZPACHLOWANIE
43%
TYNKOWANIE
43%
SPRZĄTANIE
38%
WIERCENIE
33%
TAPETOWANIE
29%
Nie znaleziono quizów pasujących do podanych kryteriów
Rozkład punktacji
Procent ludzi z każdym wynikiem
Percentyl według liczby udzielonych odpowiedzi
Twoja historia wyników
Nie rozwiązałeś tego quizu